000 00862nam a2200289 u 4500
001 000020468
003 DO-SdBNP
005 20171002085910.0
007 000020468
008 100809s1996 dr j r 000 0 spa d
040 _aBPMSU
_bspa
_cBPMSU
082 4 _aRD863.44
_bR696L
100 1 _aRodríguez Soriano, René,
_d1950-
245 1 0 _aLa radio y otros boleros /
_cRené Rodríguez Soriano.
260 _aSanto Domingo :
_bBiblioteca Nacional,
_c1996.
300 _a116 p. ;
_c22 cm.
490 1 _aOrfeo
490 1 _aCuento
_v 1
500 _aIncluye datos biográficos del autor en la solapa de la cubierta
500 _a2da. etapa
650 4 _aCUENTOS DOMINICANOS
650 4 _aLITERATURA DOMINICANA
830 0 _aOrfeo
_p; Cuento
_v1
942 _2ddc
_cBK
945 _aInventariado / 2017 VM
956 _aVMATEO
_b10
_c20150424
_lBPMSU
_h00151
999 _c7698
_d7698